000 01219nam a22003737a 4500
001 0025945
003 KOHA_MİRAKIL
005 20260207002514.0
007 ta
008 130730b2009 tu a|||gr||||#||||0|tur |
020 _a9786055943578
020 _a
040 _aTR-BiSEU
_btur
_cTR-BiSEU
_erda
041 0 _atur
044 _ctu
050 _aSF445.5.M97
_bD49 2009
100 1 _aMyron, Vicki.
245 1 _aDewey/
_cVicki Myron ; Vicki Myron, Bret Witter ile birlikte; çeviren Suna Develioğlu.
250 _a
264 1 _aİstanbul :
_bPegasus
_c2009
300 _a303 sayfa: resimli; 21 cm.
336 _ametin
_btxt
_2rdacontent
337 _aaracısız
_bn
_2rdamedia
338 _acilt
_bnc
_2rdacarrier
490 1 _aPegasus yayınları ;
_v169.
490 1 _aBestseller Roman ;
_v24
650 0 _aDewey (Kedi)--Gençlik edebiyatı.
_951830
650 0 _aDewey (Cat)--Juvenile literature.
_951831
650 0 _aKütüphane kedileri--Spencer--Biyografi--Gençlik edebiyatı.
_951832
650 0 _aLibrary cats--Iowa--Spencer--Biography--Juvenile literature.
_951833
830 1 _aPegasus yayınları ;
_v169.
_922917
830 1 _aBestseller Roman ;
_v24
_922904
942 _2lcc
_cBK
999 _c25892
_d25892